| 000 | 00453nam a2200193Ia 4500 | ||
|---|---|---|---|
| 008 | 101110s9999 xx 000 0 und d | ||
| 041 | _aENGLISH | ||
| 082 |
_bJR643 _a332.1 |
||
| 100 | _aSayers R.S. | ||
| 245 | _aModern Banking (7th ed.) | ||
| 365 | _b20 | ||
| 520 | _aCommerce | ||
| 546 | _aENGLISH | ||
| 630 | _aModern Banking (7th ed.) | ||
| 650 | _aCommerce | ||
| 655 | _aCommerce | ||
| 730 | _aModern Banking (7th ed.) | ||
| 942 | _cBOOK | ||
| 999 |
_c793447 _d793444 |
||